[Event "GBR-ch111 Major Open"]
[Site "Liverpool"]
[Date "2025.08.04"]
[Round "3.56"]
[White "Blinkhorn, Joshua"]
[Black "Ursu, Alexander"]
[Result "1-0"]
[WhiteElo "1838"]
[BlackElo "1636"]
[PlyCount "83"]
[EventDate "2025.08.02"]
[EventType "swiss"]
[EventRounds "9"]
[EventCountry "GBR"]
[SourceTitle "BritBase"]
[Source "John Saunders"]
[SourceDate "2025.08.11"]
[SourceVersion "1"]
[SourceVersionDate "2025.08.11"]
[SourceQuality "1"]

1. e4 c5 2. Nf3 Nc6 3. d4 cxd4 4. Nxd4 g6 5. c4 Nf6 6. Nc3 Nxd4 7. Qxd4 d6 8. Be3 Bg7 9. Be2 O-O 10. Qd2 a6 11. O-O Bd7 12. f3 Qa5 13. Nd5 Qd8 14. Bb6 Qe8 15. Nc7 Qc8 16. Nxa8 Qc6 17. Bd4 Rxa8 18. Rac1 Be6 19. Rc2 Rd8 20. Rfc1 b6 21. b4 Qc7 22. Qe3 Nd7 23. Bxg7 Kxg7 24. Rc3 Qb7 25. g4 Rc8 26. f4 f6 27. Bf3 Qa7 28. h4 Bf7 29. g5 fxg5 30. hxg5 e5 31. Bg4 Rc7 32. Bxd7 Rxd7 33. fxe5 dxe5 34. Qf3 Qc7 35. Qf6+ Kg8 36. c5 b5 37. Rf1 Rd4 38. Rcf3 Rd7 39. Qxa6 Qb7 40. Qxb7 Rxb7 41. c6 Rc7 42. Rxf7 1-0

[Event "GBR-ch111 Major Open"]
[Site "Liverpool"]
[Date "2025.08.04"]
[Round "3.57"]
[White "Ranasinghe, Chaniru"]
[Black "Coe, Laurence"]
[Result "1-0"]
[WhiteElo "1642"]
[BlackElo "1833"]
[PlyCount "67"]
[EventDate "2025.08.02"]
[EventType "swiss"]
[EventRounds "9"]
[EventCountry "GBR"]
[SourceTitle "BritBase"]
[Source "John Saunders"]
[SourceDate "2025.08.11"]
[SourceVersion "1"]
[SourceVersionDate "2025.08.11"]
[SourceQuality "1"]

1. d4 Nf6 2. Bf4 c5 3. e3 e6 4. Nd2 d5 5. Ngf3 Nc6 6. c3 Bd6 7. Bg3 a6 8. Bd3 b5 9. e4 Bxg3 10. hxg3 c4 11. Bc2 h6 12. e5 Ng8 13. Qe2 Nge7 14. Nf1 b4 15. Rb1 Qa5 16. Qd2 Rb8 17. Ra1 bxc3 18. bxc3 Rb2 19. a3 Bd7 20. Ne3 O-O 21. Bh7+ Kxh7 22. Qxb2 Rb8 23. Qc2+ g6 24. Ng4 Ng8 25. Nxh6 Rb3 26. Nf5+ Nh6 27. Ng5+ Kg8 28. Nxh6+ Kf8 29. Nf3 Na7 30. Nxf7 Rxc3 31. Qd2 Kxf7 32. Qf4+ Kg8 33. Rh8+ Kxh8 34. Qf8+ 1-0

[Event "GBR-ch111 Major Open"]
[Site "Liverpool"]
[Date "2025.08.04"]
[Round "3.58"]
[White "Hanlon, Shay"]
[Black "Railwani, Tavish"]
[Result "0-1"]
[WhiteElo "1809"]
[BlackElo "1714"]
[PlyCount "66"]
[EventDate "2025.08.02"]
[EventType "swiss"]
[EventRounds "9"]
[EventCountry "GBR"]
[SourceTitle "BritBase"]
[Source "John Saunders"]
[SourceDate "2025.08.11"]
[SourceVersion "1"]
[SourceVersionDate "2025.08.11"]
[SourceQuality "1"]

1. e4 e6 2. d4 d5 3. Nd2 Be7 4. Bd3 c5 5. dxc5 Nf6 6. Qe2 dxe4 7. Nxe4 Bd7 8. Nd6+ Bxd6 9. cxd6 Bc6 10. Nf3 Qxd6 11. Bd2 Nbd7 12. O-O-O O-O-O 13. Bc3 Qf4+ 14. Kb1 Rhe8 15. Ba5 b6 16. Ba6+ Bb7 17. Bxb7+ Kxb7 18. Bc3 Nc5 19. Bd4 Qe4 20. Qb5 Qd5 21. a4 Qd7 22. Qb4 Nd5 23. Qa3 Qc6 24. Ne5 Qc7 25. a5 f6 26. Nd3 Nxd3 27. Rxd3 e5 28. Be3 Nxe3 29. Rxe3 Rd5 30. Qa4 Red8 31. axb6 axb6 32. Qe4 Qc6 33. Rc3 Rd1+ 0-1

[Event "GBR-ch111 Major Open"]
[Site "Liverpool"]
[Date "2025.08.04"]
[Round "3.59"]
[White "Collins, Jonathan L"]
[Black "Taylor, Matthew"]
[Result "1/2-1/2"]
[WhiteElo "1868"]
[BlackElo "1762"]
[PlyCount "97"]
[EventDate "2025.08.02"]
[EventType "swiss"]
[EventRounds "9"]
[EventCountry "GBR"]
[SourceTitle "BritBase"]
[Source "John Saunders"]
[SourceDate "2025.08.11"]
[SourceVersion "1"]
[SourceVersionDate "2025.08.11"]
[SourceQuality "1"]

1. e4 e6 2. Nf3 d5 3. Nc3 Nf6 4. exd5 exd5 5. d4 Bd6 6. Bg5 c6 7. Bd3 Bg4 8. Qe2+ Qe7 9. Bxf6 Qxe2+ 10. Bxe2 gxf6 11. Nh4 Be6 12. g3 Bb4 13. a3 Bxc3+ 14. bxc3 O-O 15. Kd2 Nd7 16. f4 f5 17. Bd3 Nf6 18. Nxf5 Ne4+ 19. Bxe4 dxe4 20. Nd6 Bd5 21. Rhe1 f5 22. Nxb7 Rf6 23. Na5 Rh6 24. h4 Rg6 25. c4 Bf7 26. Re3 Rb8 27. Kc3 Rd6 28. c5 Rg6 29. Nc4 Bxc4 30. Kxc4 Kf7 31. Rg1 Rb2 32. Kc3 Rb8 33. Kd2 Ke6 34. Rb3 Rxb3 35. cxb3 Kd5 36. Kc3 Rg7 37. h5 h6 38. b4 a6 39. a4 Rg8 40. b5 cxb5 41. axb5 axb5 42. Kb4 Kxd4 43. Kxb5 e3 44. Kc6 e2 45. Kd7 Ke3 46. Ke6 Kf2 47. Rc1 Kxg3 48. Kxf5 Rc8 49. c6 1/2-1/2

[Event "GBR-ch111 Major Open"]
[Site "Liverpool"]
[Date "2025.08.04"]
[Round "3.60"]
[White "Gunatilake, Vinuda"]
[Black "Berkley, Stephen W"]
[Result "1-0"]
[WhiteElo "1851"]
[BlackElo "1748"]
[PlyCount "45"]
[EventDate "2025.08.02"]
[EventType "swiss"]
[EventRounds "9"]
[EventCountry "GBR"]
[SourceTitle "BritBase"]
[Source "John Saunders"]
[SourceDate "2025.08.11"]
[SourceVersion "1"]
[SourceVersionDate "2025.08.11"]
[SourceQuality "1"]

1. d4 e6 2. g3 f5 3. Bg2 Nf6 4. Nd2 d5 5. c4 c6 6. Ngf3 Bd6 7. b3 O-O 8. Bb2 a5 9. O-O Ne4 10. Ne5 Nd7 11. Nd3 Nxd2 12. Qxd2 Nf6 13. f3 Bd7 14. Nf2 Be8 15. e4 f4 16. e5 Bb4 17. Qxf4 Ne4 18. Qe3 Nxf2 19. Rxf2 Bg6 20. Bh3 Bf5 21. g4 Bg6 22. f4 Be4 23. c5 1-0

[Event "GBR-ch111 Major Open"]
[Site "Liverpool"]
[Date "2025.08.04"]
[Round "3.61"]
[White "Gorskovs, Andrejs"]
[Black "Perkins, Chris"]
[Result "1-0"]
[WhiteElo "1844"]
[BlackElo "1747"]
[PlyCount "127"]
[EventDate "2025.08.02"]
[EventType "swiss"]
[EventRounds "9"]
[EventCountry "GBR"]
[SourceTitle "BritBase"]
[Source "John Saunders"]
[SourceDate "2025.08.11"]
[SourceVersion "1"]
[SourceVersionDate "2025.08.11"]
[SourceQuality "1"]

1. e4 c5 2. Nf3 Nc6 3. Bb5 g6 4. Bxc6 dxc6 5. d3 Bg7 6. h3 Nf6 7. a4 a5 8. O-O Nd7 9. Na3 e5 10. Nc4 Qc7 11. Be3 b6 12. Nfd2 b5 13. Na3 Ba6 14. f4 exf4 15. Bxf4 Be5 16. Bxe5 Nxe5 17. Qe2 O-O 18. Qf2 b4 19. Nac4 Bxc4 20. dxc4 Rad8 21. b3 Rd6 22. Nf3 Nxf3+ 23. Qxf3 Rfd8 24. Qe3 Rd4 25. e5 Re8 26. Rae1 Qd8 27. Rf6 Rd1 28. Rxc6 Rxe1+ 29. Qxe1 Qd4+ 30. Qf2 Qxe5 31. Qxc5 Qa1+ 32. Kh2 Kg7 33. Rd6 Qc3 34. Qxa5 Qe3 35. Rd3 Qf4+ 36. Rg3 h6 37. Qc5 Re5 38. Qg1 g5 39. Qd1 Kg6 40. Qf3 Qc1 41. Qd3+ Kg7 42. Qd4 f6 43. Rf3 Qxc2 44. Qd7+ Kg6 45. Qd3+ Qxd3 46. Rxd3 h5 47. c5 Rxc5 48. Rd4 f5 49. Rxb4 g4 50. hxg4 hxg4 51. Rc4 Rd5 52. b4 Kg5 53. Rc3 Rd2 54. Rc5 Kh4 55. Rxf5 g3+ 56. Kg1 Kg4 57. Rf1 Ra2 58. a5 Rb2 59. Ra1 Rxb4 60. a6 Rb8 61. a7 Ra8 62. Kf1 Kf4 63. Ke2 Ke4 64. Ra4+ 1-0

[Event "GBR-ch111 Major Open"]
[Site "Liverpool"]
[Date "2025.08.04"]
[Round "3.62"]
[White "Wainwright, Charlie"]
[Black "Mittal, Advik"]
[Result "0-1"]
[WhiteElo "1743"]
[BlackElo "1806"]
[PlyCount "46"]
[EventDate "2025.08.02"]
[EventType "swiss"]
[EventRounds "9"]
[EventCountry "GBR"]
[SourceTitle "BritBase"]
[Source "John Saunders"]
[SourceDate "2025.08.11"]
[SourceVersion "1"]
[SourceVersionDate "2025.08.11"]
[SourceQuality "1"]

1. e4 e5 2. Nf3 Nc6 3. Nc3 Nf6 4. h3 Bc5 5. Nxe5 Nxe5 6. d4 Bxd4 7. Qxd4 Nc6 8. Qd3 d6 9. Bg5 Be6 10. f4 Rg8 11. f5 Bd7 12. Nd5 Ne5 13. Qg3 Nxe4 14. Bxd8 Nxg3 15. Bh4 Nxh1 16. Nxc7+ Kf8 17. Nxa8 Bxf5 18. O-O-O g5 19. Be1 Kg7 20. Nc7 Rc8 21. Ba5 b6 22. Ba6 Rxc7 23. Rxh1 Rxc2+ 0-1

[Event "GBR-ch111 Major Open"]
[Site "Liverpool"]
[Date "2025.08.04"]
[Round "3.63"]
[White "Ding, Yicheng"]
[Black "Nus, Jonah Bram Erik"]
[Result "0-1"]
[WhiteElo "1793"]
[BlackElo "1724"]
[PlyCount "58"]
[EventDate "2025.08.02"]
[EventType "swiss"]
[EventRounds "9"]
[EventCountry "GBR"]
[SourceTitle "BritBase"]
[Source "John Saunders"]
[SourceDate "2025.08.11"]
[SourceVersion "1"]
[SourceVersionDate "2025.08.11"]
[SourceQuality "1"]

1. d4 Nf6 2. c4 e6 3. Nf3 d5 4. cxd5 exd5 5. Nc3 c6 6. Bf4 Bd6 7. Bg3 O-O 8. e3 Bf5 9. Bd3 Bxd3 10. Qxd3 Re8 11. O-O a5 12. Rac1 Ne4 13. Bxd6 Qxd6 14. Na4 Nd7 15. Qb3 Rab8 16. a3 g5 17. Rfd1 Qf6 18. Nc3 Nxf2 19. Kxf2 g4 20. Nxd5 cxd5 21. Qxd5 gxf3 22. Qxd7 fxg2+ 23. Ke2 Qg5 24. Rd3 g1=Q 25. Rxg1 Qxg1 26. Qh3 Rbc8 27. Rd2 Rc1 28. d5 Rxe3+ 29. Qxe3 Qf1# 0-1

[Event "GBR-ch111 Major Open"]
[Site "Liverpool"]
[Date "2025.08.04"]
[Round "3.64"]
[White "Mize, Dylan"]
[Black "Blin, Henri"]
[Result "1-0"]
[WhiteElo "1791"]
[BlackElo "1704"]
[PlyCount "85"]
[EventDate "2025.08.02"]
[EventType "swiss"]
[EventRounds "9"]
[EventCountry "GBR"]
[SourceTitle "BritBase"]
[Source "John Saunders"]
[SourceDate "2025.08.11"]
[SourceVersion "1"]
[SourceVersionDate "2025.08.11"]
[SourceQuality "1"]

1. Nf3 Nf6 2. g3 c5 3. c4 d6 4. Bg2 g6 5. O-O Bg7 6. d3 O-O 7. e4 Nc6 8. Nc3 Bd7 9. h3 a6 10. Be3 h6 11. Qd2 Kh7 12. Nh4 e5 13. Nf3 Nd4 14. Kh2 Qc8 15. Ng1 Ng8 16. Nd5 Qd8 17. f4 f5 18. Ne2 Be6 19. Bg1 Ne7 20. fxe5 dxe5 21. Nec3 Nec6 22. Na4 Qd6 23. Nab6 Rad8 24. Rae1 Nb4 25. Nxb4 Qxb6 26. Nd5 Qd6 27. h4 fxe4 28. Bxe4 Bf5 29. Bxf5 Nxf5 30. Qg2 Nd4 31. Bxd4 exd4 32. Nf4 Rfe8 33. Qxb7 Rb8 34. Qg2 Re3 35. Nd5 Rxd3 36. b3 Be5 37. Nf4 Rc3 38. Qd5 Bxf4 39. Qf7+ Kh8 40. Rxf4 Qc6 41. Rfe4 Re3 42. R1xe3 dxe3 43. Re7 1-0

[Event "GBR-ch111 Major Open"]
[Site "Liverpool"]
[Date "2025.08.04"]
[Round "3.65"]
[White "Sahoo, Shivam"]
[Black "Pleimling, Luc"]
[Result "1-0"]
[WhiteElo "1791"]
[BlackElo "1664"]
[PlyCount "70"]
[EventDate "2025.08.02"]
[EventType "swiss"]
[EventRounds "9"]
[EventCountry "GBR"]
[SourceTitle "BritBase"]
[Source "John Saunders"]
[SourceDate "2025.08.11"]
[SourceVersion "1"]
[SourceVersionDate "2025.08.11"]
[SourceQuality "1"]

1. d4 d5 2. c4 e6 3. Nc3 c5 4. cxd5 exd5 5. Nf3 Nc6 6. g3 Nf6 7. Bg2 Be7 8. O-O O-O 9. a3 c4 10. Ne5 Be6 11. h3 Qb6 12. Nxc6 bxc6 13. Na4 Qb5 14. Nc3 Qb6 15. g4 c5 16. e3 cxd4 17. exd4 Rad8 18. Ne2 h6 19. Qc2 Nh7 20. Re1 Bh4 21. Qc3 Ng5 22. Nf4 Ne4 23. Bxe4 dxe4 24. Rxe4 Qc6 25. Re1 Bf6 26. Be3 Qe4 27. Rad1 Qf3 28. Bc1 Qc6 29. Nh5 Bd5 30. Re3 Bg5 31. Ree1 Bh4 32. Rd2 Bh1 33. d5 Qg6 34. Kxh1 f6 35. Nf4 Bg5 1-0

[Event "GBR-ch111 Major Open"]
[Site "Liverpool"]
[Date "2025.08.04"]
[Round "3.66"]
[White "Whittington, Reece W"]
[Black "Raj Konwar, Daryan"]
[Result "1-0"]
[WhiteElo "1778"]
[BlackElo "1572"]
[PlyCount "103"]
[EventDate "2025.08.02"]
[EventType "swiss"]
[EventRounds "9"]
[EventCountry "GBR"]
[SourceTitle "BritBase"]
[Source "John Saunders"]
[SourceDate "2025.08.11"]
[SourceVersion "1"]
[SourceVersionDate "2025.08.11"]
[SourceQuality "1"]

1. e4 c5 2. Nf3 Nc6 3. d4 cxd4 4. Nxd4 g6 5. Nxc6 bxc6 6. Qd4 Qa5+ 7. Bd2 e5 8. Qxd7+ Bxd7 9. Bxa5 Nf6 10. Bd3 Rb8 11. Bc7 Rb4 12. Bxe5 Bg7 13. Bc3 Rb8 14. O-O O-O 15. Nd2 Be6 16. f3 c5 17. Nc4 Nd7 18. Bxg7 Kxg7 19. b3 h5 20. Rad1 h4 21. Ne3 Nf6 22. Bc4 Bc8 23. Rd2 h3 24. g3 g5 25. Rfd1 g4 26. e5 Nh7 27. f4 Bb7 28. Bd5 Bc8 29. Be4 Ba6 30. Bxh7 Kxh7 31. Nxg4 Kg7 32. Nf6 Rh8 33. c4 Bb7 34. Nd5 a5 35. Kf2 a4 36. Rb2 Ba6 37. Rdd2 Rhd8 38. g4 axb3 39. axb3 Bc8 40. Kg3 Be6 41. f5 Bxd5 42. cxd5 Rb4 43. d6 Rd4 44. Rxd4 cxd4 45. Rd2 f6 46. exf6+ Kxf6 47. Rxd4 Ke5 48. Rd1 Ke4 49. b4 Rc8 50. d7 Rc3+ 51. Kh4 Rc6 52. d8=Q 1-0

[Event "GBR-ch111 Major Open"]
[Site "Liverpool"]
[Date "2025.08.04"]
[Round "3.67"]
[White "Storey, Cameron"]
[Black "Ding, Yihua"]
[Result "1-0"]
[WhiteElo "1774"]
[BlackElo "1536"]
[PlyCount "75"]
[EventDate "2025.08.02"]
[EventType "swiss"]
[EventRounds "9"]
[EventCountry "GBR"]
[SourceTitle "BritBase"]
[Source "John Saunders"]
[SourceDate "2025.08.11"]
[SourceVersion "1"]
[SourceVersionDate "2025.08.11"]
[SourceQuality "1"]

1. e4 c5 2. a3 d6 3. Bc4 Nf6 4. Nc3 e6 5. d3 a6 6. f4 Nbd7 7. Nf3 g6 8. a4 Bg7 9. O-O O-O 10. f5 Nb6 11. fxg6 fxg6 12. Bb3 Rb8 13. Bg5 Qc7 14. a5 Na8 15. Qd2 Bd7 16. Bf4 Nh5 17. Bh6 Qc8 18. g4 Nf6 19. h3 Nc7 20. e5 dxe5 21. Bxg7 Kxg7 22. Rae1 Ncd5 23. Rxe5 Bc6 24. Ng5 Re8 25. Qf2 Qc7 26. Rxe6 Rf8 27. Rxf6 Rxf6 28. Qxf6+ Nxf6 29. Ne6+ Kh8 30. Nxc7 Nd7 31. Bd5 Ne5 32. Bxc6 Nxc6 33. Ne6 Nxa5 34. Nxc5 Rc8 35. Ne6 Nc6 36. Nd5 Rd8 37. Nxd8 Nxd8 38. Rf8+ 1-0

[Event "GBR-ch111 Major Open"]
[Site "Liverpool"]
[Date "2025.08.05"]
[Round "4.1"]
[White "Jaunooby, Ali Reza"]
[Black "Kolani, Arjun"]
[Result "0-1"]
[WhiteElo "2082"]
[BlackElo "2118"]
[PlyCount "120"]
[EventDate "2025.08.02"]
[EventType "swiss"]
[EventRounds "9"]
[EventCountry "GBR"]
[SourceTitle "BritBase"]
[Source "John Saunders"]
[SourceDate "2025.08.11"]
[SourceVersion "1"]
[SourceVersionDate "2025.08.11"]
[SourceQuality "1"]

1. d4 Nf6 2. Nf3 g6 3. g3 d5 4. c4 c6 5. Bg2 Bg7 6. Qb3 O-O 7. O-O dxc4 8. Qxc4 Bf5 9. Nc3 Nbd7 10. Rd1 Qb6 11. Nh4 Be6 12. Qa4 a5 13. e4 Rfd8 14. h3 Qb4 15. Qc2 Nb6 16. Nf3 a4 17. Ng5 Bd7 18. Rb1 Ne8 19. b3 a3 20. Be3 e5 21. Nf3 exd4 22. Nxd4 c5 23. Nde2 Be6 24. Bd2 Nd7 25. Nf4 Qb6 26. Ncd5 Bxd5 27. Nxd5 Qe6 28. Bg5 f6 29. Bf4 Rac8 30. Bf1 Kh8 31. g4 Ne5 32. Ne3 Nf3+ 33. Kg2 Nd4 34. Qd3 Nd6 35. f3 Nf7 36. Qc4 Ne5 37. Qxe6 Nxe6 38. Bxe5 fxe5 39. Nc4 Nd4 40. Rbc1 Bh6 41. Nxe5 Kg7 42. Rc3 Ne6 43. Rxd8 Rxd8 44. Rc2 Rd1 45. Nc4 Nd4 46. Rf2 b5 47. Nxa3 Be3 48. Rb2 Bc1 49. Rf2 Bxa3 50. f4 b4 51. f5 Bc1 52. f6+ Kf8 53. Bc4 Rd2 54. e5 Rxf2+ 55. Kxf2 Bf4 56. e6 Bg5 57. f7 Ke7 58. Kg3 Bh6 59. h4 Nxe6 60. g5 Bg7 0-1

[Event "GBR-ch111 Major Open"]
[Site "Liverpool"]
[Date "2025.08.05"]
[Round "4.2"]
[White "Nicholas, Koichi B"]
[Black "Cancedda-Dupuis, Livio"]
[Result "0-1"]
[WhiteElo "2091"]
[BlackElo "2053"]
[PlyCount "112"]
[EventDate "2025.08.02"]
[EventType "swiss"]
[EventRounds "9"]
[EventCountry "GBR"]
[SourceTitle "BritBase"]
[Source "John Saunders"]
[SourceDate "2025.08.11"]
[SourceVersion "1"]
[SourceVersionDate "2025.08.11"]
[SourceQuality "1"]

1. e4 c5 2. Nf3 Nc6 3. d4 cxd4 4. Nxd4 Nf6 5. Nc3 e5 6. Ndb5 d6 7. Nd5 Nxd5 8. exd5 Ne7 9. c4 Nf5 10. Bd3 Be7 11. O-O a6 12. Nc3 O-O 13. a4 Nh4 14. Be3 Ng6 15. a5 f5 16. f3 e4 17. Bb6 Qe8 18. fxe4 f4 19. Qh5 Bf6 20. Rae1 Be5 21. c5 Bd4+ 22. Kh1 Qe5 23. Be2 Bd7 24. Bg4 dxc5 25. Bf5 Bxc3 26. bxc3 Bxf5 27. exf5 Qxd5 28. Rd1 Qxf5 29. Qxf5 Rxf5 30. Rd7 Rf7 31. Rxf7 Kxf7 32. g3 Rc8 33. gxf4 Kf6 34. Kg2 Kf5 35. Kg3 Ke4 36. Kg4 Rf8 37. Bxc5 Rxf4+ 38. Rxf4+ Nxf4 39. h4 h5+ 40. Kg3 Ne2+ 41. Kf2 Nxc3 42. Be7 Kf4 43. Bg5+ Ke4 44. Be7 Nb5 45. Bd8 Nd4 46. Bc7 Nf5 47. Bd8 Kf4 48. Ke2 Nd4+ 49. Kd3 Nc6 50. Bg5+ Kg4 51. Kc4 Nxa5+ 52. Kc5 Nc6 53. Kb6 Ne5 54. Kxb7 Nf3 55. Bd8 Nxh4 56. Kxa6 Nf3 0-1

[Event "GBR-ch111 Major Open"]
[Site "Liverpool"]
[Date "2025.08.05"]
[Round "4.3"]
[White "Terler, Bohdan"]
[Black "Rushbrooke, Remy"]
[Result "1/2-1/2"]
[WhiteElo "1974"]
[BlackElo "2090"]
[PlyCount "163"]
[EventDate "2025.08.02"]
[EventType "swiss"]
[EventRounds "9"]
[EventCountry "GBR"]
[SourceTitle "BritBase"]
[Source "John Saunders"]
[SourceDate "2025.08.11"]
[SourceVersion "1"]
[SourceVersionDate "2025.08.11"]
[SourceQuality "1"]

1. e4 c5 2. Be2 Nc6 3. f4 g6 4. Nf3 Bg7 5. O-O d6 6. c3 e5 7. fxe5 dxe5 8. Bb5 h6 9. d3 Qb6 10. Bc4 Nf6 11. Na3 O-O 12. Qe2 Qc7 13. Nc2 Na5 14. Ne3 Nxc4 15. dxc4 b5 16. Nd5 Nxd5 17. cxd5 Qd6 18. Be3 Bd7 19. b3 f5 20. c4 f4 21. Bf2 b4 22. Ne1 Rac8 23. Nd3 f3 24. Qe3 fxg2 25. Kxg2 Bg4 26. Bg3 g5 27. h3 Bh5 28. Rf5 Rxf5 29. exf5 Qf6 30. Qe4 Rf8 31. Rf1 Bg6 32. Nxc5 Bxf5 33. Rxf5 Qxf5 34. Qxf5 Rxf5 35. Ne4 Kf8 36. Nd6 Rf6 37. Bxe5 Rg6 38. Bg3 Ke7 39. c5 Bf8 40. Nf5+ Kd8 41. c6 Rf6 42. Nd4 Kc8 43. Nb5 Bc5 44. d6 Bb6 45. Be5 Rf2+ 46. Kg3 Rf5 47. d7+ Kd8 48. Bd4 Bxd4 49. c7+ Kxd7 50. c8=Q+ Kxc8 51. Nd6+ Kd7 52. Nxf5 Be5+ 53. Kg4 Ke6 54. Nxh6 Bf6 55. Kh5 Be7 56. Kg4 Bd8 57. Kf3 Kf6 58. Ke4 Kg6 59. Nf5 Bc7 60. Ne7+ Kh5 61. Nf5 Kg6 62. Nd4 Kh5 63. Kf5 Bf4 64. Nf3 Bc1 65. Ke4 Bb2 66. Kd5 Bf6 67. Ke6 Bb2 68. Kf5 Bc1 69. Ke4 Bb2 70. Ke3 Bf6 71. Kf2 Be7 72. Ne5 Bd6 73. Ng4 Kh4 74. Kg2 Bc5 75. Nh6 Kh5 76. Ng4 Kh4 77. Ne5 Bd6 78. Nf3+ Kh5 79. Nd4 Bc5 80. Ne6 Bd6 81. Kf3 Kh4 82. Kg2 1/2-1/2

[Event "GBR-ch111 Major Open"]
[Site "Liverpool"]
[Date "2025.08.05"]
[Round "4.4"]
[White "Nelson, Jonathan P"]
[Black "Ortiz Sanchez, Luis"]
[Result "0-1"]
[WhiteElo "2114"]
[BlackElo "1908"]
[PlyCount "72"]
[EventDate "2025.08.02"]
[EventType "swiss"]
[EventRounds "9"]
[EventCountry "GBR"]
[SourceTitle "BritBase"]
[Source "John Saunders"]
[SourceDate "2025.08.11"]
[SourceVersion "1"]
[SourceVersionDate "2025.08.11"]
[SourceQuality "1"]

1. d4 d5 2. Nf3 Nf6 3. e3 e6 4. Bd3 c5 5. c3 b6 6. O-O Bb7 7. Nbd2 Be7 8. Ne5 Nbd7 9. f4 O-O 10. Qf3 Ne8 11. Qh3 f5 12. g4 Nd6 13. gxf5 exf5 14. Ndf3 Ne4 15. Bd2 Nxe5 16. fxe5 c4 17. Bc2 Bc8 18. Qg2 Qe8 19. Kh1 Qh5 20. Rg1 g6 21. Raf1 Be6 22. Bd1 Qh6 23. h4 Kh8 24. Qh2 Rg8 25. Bc1 Rg7 26. Rg2 Rag8 27. Bc2 Qh5 28. Bxe4 fxe4 29. Ng5 Bf5 30. e6 h6 31. Nf7+ Kh7 32. Qe5 Bg4 33. Rh2 Bf3+ 34. Kg1 Qg4+ 35. Kf2 Bxh4+ 36. Rxh4 Qg2+ 0-1

[Event "GBR-ch111 Major Open"]
[Site "Liverpool"]
[Date "2025.08.05"]
[Round "4.5"]
[White "Joseph, Patrick"]
[Black "Taylor, Adam A"]
[Result "0-1"]
[WhiteElo "1959"]
[BlackElo "2279"]
[PlyCount "72"]
[EventDate "2025.08.02"]
[EventType "swiss"]
[EventRounds "9"]
[EventCountry "GBR"]
[SourceTitle "BritBase"]
[Source "John Saunders"]
[SourceDate "2025.08.11"]
[SourceVersion "1"]
[SourceVersionDate "2025.08.11"]
[SourceQuality "1"]

1. e4 c5 2. Nf3 Nc6 3. Bb5 Nf6 4. Bxc6 dxc6 5. d3 g6 6. h3 Bg7 7. O-O Nd7 8. Nc3 e5 9. Be3 b6 10. Qd2 h6 11. a3 a5 12. Na4 f5 13. exf5 gxf5 14. Rfe1 Kf8 15. Qd1 Kg8 16. Nc3 Kh7 17. Nh2 f4 18. Bd2 Re8 19. Qf3 Nf6 20. Qxc6 Ra7 21. Qf3 Rf7 22. Ne4 Bb7 23. Rad1 Qd7 24. Qe2 Nd5 25. Rb1 Re6 26. Qh5 Rg6 27. Nf3 Rf5 28. Qh4 Qf7 29. Qd8 Nf6 30. Nd6 Rxg2+ 31. Kxg2 Qg6+ 32. Kh2 Bxf3 33. Rg1 Rg5 34. Rxg5 Qxg5 35. Rg1 Ng4+ 36. hxg4 Qxd8 0-1

[Event "GBR-ch111 Major Open"]
[Site "Liverpool"]
[Date "2025.08.05"]
[Round "4.6"]
[White "Schell, Finn"]
[Black "Nasiri, Fahim"]
[Result "1-0"]
[WhiteElo "1956"]
[BlackElo "2252"]
[PlyCount "61"]
[EventDate "2025.08.02"]
[EventType "swiss"]
[EventRounds "9"]
[EventCountry "GBR"]
[SourceTitle "BritBase"]
[Source "John Saunders"]
[SourceDate "2025.08.11"]
[SourceVersion "1"]
[SourceVersionDate "2025.08.11"]
[SourceQuality "1"]

1. e4 e5 2. Nf3 Nc6 3. Bb5 Nf6 4. d3 Bc5 5. Bxc6 dxc6 6. Nbd2 Nd7 7. Nc4 f6 8. O-O O-O 9. Kh1 Rf7 10. Nh4 Nf8 11. Be3 Ne6 12. g3 Bf8 13. f4 exf4 14. gxf4 c5 15. Rg1 Nd4 16. f5 b5 17. Nd2 Qe8 18. Bxd4 cxd4 19. Qh5 Bb7 20. Rg4 Qc6 21. Ng6 Rd7 22. Rh4 h6 23. Rc1 Re8 24. Rg4 Rf7 25. Nf3 Bd6 26. Nh8 Kxh8 27. Qxf7 Rg8 28. Rcg1 Bf8 29. Nh4 Kh7 30. Ng6 Bd6 31. Ne7 1-0

[Event "GBR-ch111 Major Open"]
[Site "Liverpool"]
[Date "2025.08.05"]
[Round "4.7"]
[White "Gupta, Leonardo"]
[Black "Wall, Tim P"]
[Result "0-1"]
[WhiteElo "1885"]
[BlackElo "2158"]
[PlyCount "106"]
[EventDate "2025.08.02"]
[EventType "swiss"]
[EventRounds "9"]
[EventCountry "GBR"]
[SourceTitle "BritBase"]
[Source "John Saunders"]
[SourceDate "2025.08.11"]
[SourceVersion "1"]
[SourceVersionDate "2025.08.11"]
[SourceQuality "1"]

1. e4 e5 2. Nf3 Nc6 3. Bb5 a6 4. Ba4 Nge7 5. O-O Ng6 6. d4 exd4 7. Nxd4 Nxd4 8. Qxd4 b5 9. Bb3 Bb7 10. c4 c5 11. Qd1 b4 12. Be3 Be7 13. Nd2 O-O 14. f4 d6 15. Qh5 Bf6 16. Rf3 Re8 17. Bc2 Bxb2 18. Rb1 Bc3 19. Rh3 Nf8 20. e5 g6 21. Qh6 dxe5 22. f5 e4 23. fxg6 hxg6 24. Bxc5 Bg7 25. Qe3 Ne6 26. Bb6 Qxb6 27. Qd4 Qc5 28. Qxc5 Bd4+ 29. Qxd4 Nxd4 30. Ba4 Re7 31. Nf1 a5 32. a3 Ne2+ 33. Kf2 Nc3 34. Rxc3 bxc3 35. Rc1 f5 36. g3 g5 37. Rxc3 f4 38. gxf4 gxf4 39. c5 e3+ 40. Ke1 Bf3 41. Rc4 Rb8 42. Rc1 Rb2 43. c6 Re2+ 44. Kd1 Rxh2+ 45. Ke1 Re2+ 46. Kd1 Ra2+ 47. Ke1 Rxa3 48. Bb5 Rc7 49. Nh2 Bh5 50. Nf1 Kf8 51. Rb1 Ke7 52. Rc1 Rb3 53. Ba4 Rb2 0-1

[Event "GBR-ch111 Major Open"]
[Site "Liverpool"]
[Date "2025.08.05"]
[Round "4.8"]
[White "Sieczkowski, Adam"]
[Black "Bhatia, Kanishka"]
[Result "1-0"]
[WhiteElo "1806"]
[BlackElo "2067"]
[PlyCount "59"]
[EventDate "2025.08.02"]
[EventType "swiss"]
[EventRounds "9"]
[EventCountry "GBR"]
[SourceTitle "BritBase"]
[Source "John Saunders"]
[SourceDate "2025.08.11"]
[SourceVersion "1"]
[SourceVersionDate "2025.08.11"]
[SourceQuality "1"]

1. e4 e5 2. Nf3 Nc6 3. Bb5 a6 4. Ba4 Nf6 5. O-O Be7 6. Re1 b5 7. Bb3 d6 8. c3 O-O 9. d4 Bg4 10. Be3 Re8 11. Nbd2 exd4 12. cxd4 Bf8 13. h3 Bh5 14. g4 Bg6 15. Bg5 Qd7 16. e5 dxe5 17. Nxe5 Qd6 18. Ndf3 Na5 19. Bc2 Bxc2 20. Qxc2 Nd5 21. Bd2 Nb7 22. Ng5 g6 23. Ngxf7 Qb6 24. Qe4 Nf6 25. Qf3 Bg7 26. g5 Nh5 27. Qd5 Qe6 28. Qxb7 c6 29. Nh6+ Bxh6 30. Ng4 1-0